000 00800nam a2200193Ia 4500
003 GCL
008 140319s9999 xx 000 0 ara d
040 _aGCL /
_cGCL
082 0 4 _aق
_b916.2621
_bع ن
100 1 _aعبدالتواب عبدالحى
245 1 0 _aالنيل والمستقبل :
_bرحلة فريدة معه ترصد ماجرى له ولمنابعه الاستوائية والاثيوبية /
_cعبدالتواب عبدالحى
260 _aالقاهرة :
_bمركز الاهرام للترجمة والنشر ،
_c1988
300 _a270 ص:
_bايض، خرائط ؛
_c24 سم
490 _aالهيئة العامة للاستعلامات
_v0
650 0 4 _aجغرافية مصر
650 0 4 _aالنيل
650 0 4 _aنهر النيل - فيضانات
942 _2ddc
_cBK
999 _c51998
_d51998